| 000 | 00596nam a2200205 a 4500 | ||
|---|---|---|---|
| 005 | 20220701131343.0 | ||
| 008 | 060807s2000 mx r 000 0 spa d | ||
| 020 | _a8449416833 | ||
| 035 | _aUPN01000146085 | ||
| 049 | _aCG | ||
| 050 | 4 |
_aPQ1827 _bA6.7a |
|
| 100 | 1 |
_aMolière, _d1622-1673 _928202 |
|
| 245 | 1 | 3 |
_aEl avaro / _cMolière ; tr. Nydia Lamarque. |
| 260 |
_aBuenos Aires : _bLosada ; _aBarcelona, Esp. : _bOcéano, _c2000. |
||
| 300 | _a115 p. | ||
| 440 | 0 | _aClásicos universales | |
| 534 |
_ptraducción de: _tL'Avare |
||
| 650 | 4 |
_aDRAMA FRANCES (COMEDIA) _97001 |
|
| 905 | _aLibro | ||
| 999 |
_c118231 _d118231 |
||